Sonderbilanzen in der E-Bilanz: Entwicklung, Problemfragen und Lösungswege diplomová práca

Gespeichert in:
Bibliographische Detailangaben
1. Verfasser: Nemčíková, Miroslava
Körperschaften: Ekonomická univerzita v Bratislave. Fakulta hospodárskej informatiky, Martin-Luther-Universität Halle-Wittenberg
Weitere Verfasser: Sicherer, Klaus von
Format: Buch
Sprache:Deutsch
Veröffentlicht: Bratislava 2017
Tags: Tag hinzufügen
Keine Tags, Fügen Sie das erste Tag hinzu!

MARC

LEADER 00000nbm a2200000 4500
001 0239919
005 20240918090102.8
041 0 |a ger 
044 |a SK 
245 1 0 |a Sonderbilanzen in der E-Bilanz: Entwicklung, Problemfragen und Lösungswege  |b diplomová práca  |c Miroslava Hudáková ; školiteľ: Klaus von Sicherer 
264 1 |a Bratislava  |c 2017 
300 |a 73 s. 
100 1 |a Nemčíková, Miroslava 
700 1 |a Sicherer, Klaus von 
710 2 |a Ekonomická univerzita v Bratislave. Fakulta hospodárskej informatiky 
710 2 |a Martin-Luther-Universität Halle-Wittenberg